| 000 | 00545nam a22001817a 4500 | ||
|---|---|---|---|
| 003 | CEME | ||
| 005 | 20210628201700.0 | ||
| 008 | 210215b xxu||||| |||| 00| 0 eng d | ||
| 020 | _a0-471-15605-1 | ||
| 040 | _c. | ||
| 082 | _a005.75 COO | ||
| 100 |
_aBrewer, Don Coombs, Ted Coombs, Jason _956331 |
||
| 245 | _aThe netscape live wire sourcebook create and manage a java based web site | ||
| 260 |
_aNEW YORK _bJOHN WILEY _c1996 |
||
| 300 | _aXI,465P | ||
| 650 |
_aNETSCAPE WORLD WIDE WEB JAVA JAVA BASED WEB SITE _956332 |
||
| 942 |
_cBK _2ddc |
||
| 999 |
_c566783 _d566783 |
||